书目信息 |
| 题名: |
大学英语主题阅读
|
|
| 作者: | 汪新颖 总主编 ;于欣宏 主编 | |
| 分册: | 1 文化篇 | |
| 出版信息: | 北京 清华大学出版社 2024.08 |
|
| 页数: | 157页 | |
| 开本: | 26cm | |
| 丛书名: | ||
| 单 册: | ||
| 中图分类: | H319.37 | |
| 科图分类: | ||
| 主题词: | 英语--阅读教学--高等学校--教材 | |
| 电子资源: | ||
| ISBN: | 978-7-302-66114-6 | |
| 000 | 00926nam0 2200241 450 | |
| 001 | 013152215 | |
| 005 | 20250924193623.11 | |
| 010 | @a978-7-302-66114-6@dCNY45.00 | |
| 100 | @a20240927d2024 em y0chiy0120 ea | |
| 101 | 0 | @achi@aeng |
| 102 | @aCN@b110000 | |
| 105 | @ay z 000yy | |
| 106 | @ar | |
| 200 | 1 | @a大学英语主题阅读@9da xue ying yu zhu ti yue du@i文化篇@h1@f汪新颖总主编@g于欣宏主编 |
| 210 | @a北京@c清华大学出版社@d2024.08 | |
| 215 | @a157页@d26cm | |
| 330 | @a本书聚焦于中国传统文化,深入浅出地呈现了中国文化的方方面面,包括历法、艺术、历史、文字、哲学、饮食、建筑等。通过研读文化题材的文章,学生可深入了解中华传统文化的精髓,建立文化自信,为跨文化交流打下坚实基础。 | |
| 606 | 0 | @a英语@x阅读教学@x高等学校@j教材 |
| 690 | @aH319.37@v5 | |
| 701 | 0 | @a汪新颖@9wang xin ying@4总主编 |
| 702 | 0 | @a于欣宏@9yu xin hong@4主编 |
| 801 | 0 | @aCN@c20250905 |
| 905 | @a河南城建学院图书馆@dH319.37@eW088:1@ZW088:1@f1 | |
| 大学英语主题阅读.文化篇.1/汪新颖总主编/于欣宏主编.-北京:清华大学出版社,2024.08 |
| 157页;26cm |
| ISBN 978-7-302-66114-6:CNY45.00 |
| 本书聚焦于中国传统文化,深入浅出地呈现了中国文化的方方面面,包括历法、艺术、历史、文字、哲学、饮食、建筑等。通过研读文化题材的文章,学生可深入了解中华传统文化的精髓,建立文化自信,为跨文化交流打下坚实基础。 |
| ● |
| 相关链接 |
|
|
|
正题名:大学英语主题阅读
索取号:H319.37/W088:1
 
预约/预借
| 序号 | 登录号 | 条形码 | 馆藏地/架位号 | 状态 | 备注 |
| 1 | 1631267 | 216312675 | 语言库209/209语言库 43排4列5层/ [索取号:H319.37/W088:1] | 在馆 |